|
|
|
|
| LEADER |
00000nab a2200000 a 4500 |
| 001 |
vtls000715186 |
| 003 |
SK-MaSNL |
| 005 |
20260304103806.0 |
| 008 |
250429c1999 xo 0 slo |
| 015 |
|
|
|a SNBRB2000/03-06755
|
| 035 |
|
|
|a CLN000067353
|
| 035 |
|
|
|a urn:nbn:sk:snk-abjf9
|
| 035 |
|
|
|a (urnnbn)urn:nbn:sk:snk:ar-00415w
|
| 035 |
|
|
|a (uuid)5cc82397-59a6-452e-a359-8e60c13212d9
|
| 040 |
|
|
|a SNKBUCL
|b slo
|c SNKBUCL
|e AACR2
|
| 041 |
0 |
|
|a slo
|
| 044 |
|
|
|a xo
|c SK
|
| 080 |
|
|
|a 355.45.02(4:437.6)
|2 1997
|
| 080 |
|
|
|a 327.5(4)
|2 1997
|
| 100 |
1 |
|
|a Puchala, Rastislav,
|d 1972-
|4 aut
|9 224567
|
| 245 |
1 |
0 |
|a Podiel Slovenska v mierovom procese
|c Rastislav Puchala, Anton Fillo
|
| 300 |
|
|
|b Fotogr.
|
| 504 |
|
|
|a Res. angl.
|
| 650 |
0 |
7 |
|a bezpečnosť európska
|x Slovensko
|2 snkbucl
|9 1402821
|
| 650 |
0 |
7 |
|a bezpečnostná politika
|z Slovensko
|2 snkbucl
|9 65100
|
| 650 |
0 |
7 |
|a bezpečnostná politika
|z Európa
|2 snkbucl
|9 67333
|
| 655 |
|
7 |
|a články z novín a časopisov
|2 snkbucl
|9 267496
|
| 700 |
1 |
|
|a Fillo, Anton
|4 aut
|9 917565
|
| 773 |
0 |
|
|t Apológia
|g Roč. 7, č. 11 (1999), s. 6-7
|x 1335-0463
|
| 850 |
|
|
|a Slovenská národná knižnica
|
| 852 |
|
|
|a Slovenská národná knižnica
|
| 954 |
|
|
|a odborná, vedecká literatúra pôvodná (slovenská)
|2 lita
|
| 958 |
|
|
|a article2022
|
| 958 |
|
|
|a SK
|
| 958 |
|
|
|a OND
|
| 958 |
|
|
|a EUIPO
|
| 992 |
|
|
|a RBX
|
| 999 |
|
|
|c 2849751
|d 2851681
|